El libro tibetano de los muertos

Guardat en:
Dades bibliogràfiques
Autor principal: Padma Sambhava (autor)
Format: Llibre
Idioma:espanyol
Publicat: Barcelona RBA 2002
Col·lecció:Biblioteca de la Sabiduría Oriental
Matèries:
Etiquetes: Afegir etiqueta
Sense etiquetes, Sigues el primer a etiquetar aquest registre!

MARC

LEADER 00000nam a2200000 a 4500
001 UCK5675
003 CL-VaPUC
008 050812e20020000SP |||||||||||||||||spa|d
020 |a 8447323404 
082 0 4 |a 299.54  |b PAD  |2 21 
100 |a Padma Sambhava  |e autor  |9 494577 
245 1 3 |a El libro tibetano de los muertos 
300 |a 365 p 
942 |c BK 
945 |d 20050812 00:00:00  |a jcarroza 
260 |a Barcelona  |b RBA  |c 2002 
600 0 7 |a KARMA  |2 CL-VaPUC  |9 494578 
650 0 |a Religión   |9 255164 
650 0 |a Vida futura  |9 267322 
650 7 |a BUDISMO  |2 CL-VaPUC  |9 494579 
583 |a last modification  |c 20050812 00:00:00  |k Rodrigo Vera 
490 0 |a Biblioteca de la Sabiduría Oriental 
999 |c 314171  |d 314169 
952 |0 0  |1 0  |4 0  |6 299_540000000000000_PAD_2002  |7 0  |8 A  |9 386165  |a BIBING  |b BIBING  |d 2019-11-22  |i 4155114  |l 3  |m 2  |o 299.54 PAD 2002  |p 4155114  |r 2025-01-20  |s 2023-09-07  |w 2019-11-22  |y BK  |k ING